Quiz do Paraná - Statistics

Estatísticas Gerais
  • Esse quiz foi jogado 336 vezes
  • A pontuação média é 11 de 16
Estatísticas das Respostas
Hint Resposta % Correto
Capital Curitiba
100%
Estado que faz fronteira ao sul Santa Catarina
97%
Estado que faz fronteira ao norte São Paulo
96%
Segunda maior cidade Londrina
93%
Estado que faz fronteira ao noroeste Mato Grosso do Sul
93%
Árvore símbolo Araucária
92%
Hidrelétrica maior geradora de energia limpa e renovável do planeta Itaipu
81%
A catedral dessa cidade é o 10° monumento mais alto do mundo Maringá
77%
Ponto turístico mais visitado Cataratas do Iguaçu
76%
Produto com maior valor de produção agropecuária Soja
76%
Um dos principais pratos típicos que leva 12h para ser preparado Barreado
66%
Segundo maior rio do Brasil Rio Paraná
65%
Ave símbolo Gralha Azul
61%
Maior município em extensão territorial Guarapuava
43%
Menor município em extensão territorial Pinhais
22%
Produto com maior volume de produção agropecuária Cana-de-açúcar
11%
Nenhum quiz correspondente encontrado
Distribuição das Pontuações
Porcentagem de Pessoas com Cada Pontuação
Percentil de Números Respondidos
Sua Pontuação Histórica
Você não jogou esse quiz